[Event "ESP-ch U18 Rapid"]
[Site "Salobrena"]
[Date "2022.08.07"]
[Round "6"]
[White "Lopez Ruiz, Jarein"]
[Black "Carbonell Sancho, Marc"]
[Result "0-1"]
[WhiteElo "1690"]
[BlackElo "1851"]
[PlyCount "112"]
[EventDate "2022.08.06"]
[EventType "swiss (rapid)"]
[EventRounds "9"]
[EventCountry "ESP"]
[SourceTitle "EXT 2023"]
[Source "ChessBase"]
[SourceDate "2022.10.05"]
[SourceVersion "1"]
[SourceVersionDate "2022.10.05"]
[SourceQuality "1"]

1. Nf3 Nf6 2. g3 g6 3. Bg2 Bg7 4. 0-0 0-0 5. c4 d6 6. Nc3 e5 7. e4 c6 8. d4 Nbd7 9. h3 Re8 10. dxe5 dxe5 11. Be3 Qe7 12. Nd2 Nc5 13. Nb3 Ne6 14. Na4 Rd8 15. Qe2 Nd4 16. Bxd4 exd4 17. Nac5 b6 18. Nd3 Nd7 19. c5 bxc5 20. Rac1 Ba6 21. Qd2 c4 22. Nb4 Bb5 23. Na5 c3 24. bxc3 dxc3 25. Nbxc6 cxd2 26. Nxe7+ Kf8 27. Rcd1 Bxf1 28. Bxf1 Bc3 29. Nac6 Rdc8 30. Nxc8 Rxc8 31. Nxa7 Rb8 32. Nb5 Ba5 33. Nd6 Bc3 34. Nc4 Nf6 35. f3 Ra8 36. Kf2 Rxa2 37. Ke3 Ra4 38. Nxd2 Bd4+ 39. Kd3 Ba7 40. Rb1 Nh5 41. g4 Nf4+ 42. Kc2 Bd4 43. Kd1 Ra2 44. Bc4 Ra7 45. Nb3 Be5 46. Bf1 Ra2 47. Nc5 Bd4 48. Nd3 Ne6 49. f4 Bc3 50. Be2 Rd2+ 51. Ke1 Rxd3+ 52. Kf2 Bd4+ 53. Kf1 Rxh3 54. f5 Nf4 55. Rb8+ Kg7 56. Ke1 Re3 0-1

[Event "ESP-ch U18 Rapid"]
[Site "Salobrena"]
[Date "2022.08.07"]
[Round "7"]
[White "Roldan Marques, Marta"]
[Black "Lopez Ruiz, Jarein"]
[Result "1-0"]
[WhiteElo "1541"]
[BlackElo "1690"]
[PlyCount "77"]
[EventDate "2022.08.06"]
[EventType "swiss (rapid)"]
[EventRounds "9"]
[EventCountry "ESP"]
[SourceTitle "EXT 2023"]
[Source "ChessBase"]
[SourceDate "2022.10.05"]
[SourceVersion "1"]
[SourceVersionDate "2022.10.05"]
[SourceQuality "1"]

1. e4 e5 2. Nc3 Nf6 3. Bc4 Bc5 4. d3 0-0 5. Bg5 h6 6. Bh4 Be7 7. Bg3 Nc6 8. a3 d6 9. Nge2 Be6 10. Nd5 Nb8 11. f4 c6 12. Nxf6+ Bxf6 13. f5 Bxc4 14. dxc4 Qb6 15. b3 Nd7 16. Bf2 Qc7 17. Nc3 Rfd8 18. 0-0 Nb6 19. Bxb6 Qxb6+ 20. Kh1 Qd4 21. Qf3 a5 22. a4 Rd7 23. Rad1 Qc5 24. Rd3 Bd8 25. f6 Bxf6 26. Qg4 d5 27. Qxd7 d4 28. Ne2 Rd8 29. Qg4 Kf8 30. Ng3 Qa3 31. Nh5 Qb2 32. Qe2 Bg5 33. Qf2 Rd7 34. Qf5 Re7 35. Rdf3 Kg8 36. Qc8+ Kh7 37. Qf8 Bf6 38. Nxf6+ gxf6 39. Qxe7 1-0

[Event "ESP-ch U18"]
[Site "Salobrena"]
[Date "2022.08.05"]
[Round "7"]
[White "Lopez Ruiz, Jarein"]
[Black "Moll Gener, Joan"]
[Result "1-0"]
[WhiteElo "1885"]
[BlackElo "2034"]
[PlyCount "53"]
[EventDate "2022.08.01"]
[EventType "swiss"]
[EventRounds "9"]
[EventCountry "ESP"]
[SourceTitle "EXT 2023"]
[Source "ChessBase"]
[SourceDate "2022.10.05"]
[SourceVersion "1"]
[SourceVersionDate "2022.10.05"]
[SourceQuality "1"]

1. Nf3 Nf6 2. c4 g6 3. g3 Bg7 4. Bg2 0-0 5. 0-0 d6 6. d4 Nbd7 7. Nc3 e5 8. e4 exd4 9. Nxd4 a6 10. Be3 Ne5 11. b3 c5 12. Nde2 Nc6 13. Qd2 Ng4 14. Bf4 Nd4 15. Rad1 h6 16. h4 Be5 17. Nxd4 Bxd4 18. Ne2 Nxf2 19. Rxf2 Bxf2+ 20. Kxf2 Bg4 21. Bxh6 Qf6+ 22. Qf4 Qxf4+ 23. Bxf4 Rfe8 24. Rxd6 b5 25. e5 Ra7 26. Bd5 bxc4 27. Rxg6+ 1-0

[Event "ESP-chT CECLUB Div2"]
[Site "Linares"]
[Date "2020.08.28"]
[Round "6.2"]
[White "Fernandez Cano, Victor"]
[Black "Lopez Ruiz, Jarein"]
[Result "1-0"]
[WhiteElo "2031"]
[BlackElo "1796"]
[PlyCount "59"]
[EventDate "2020.08.24"]
[EventType "team-tourn"]
[EventRounds "6"]
[EventCountry "ESP"]
[SourceTitle "CBM 198 Extra"]
[Source "ChessBase"]
[SourceDate "2020.11.30"]
[SourceVersion "1"]
[SourceVersionDate "2020.11.30"]
[SourceQuality "1"]
[WhiteTeam "Bargas Fundacion Soliss"]
[BlackTeam "Alfaro CC"]
[WhiteTeamCountry "ESP"]
[BlackTeamCountry "ESP"]

1. c4 e5 2. Nc3 Nc6 3. g3 g6 4. Bg2 Bg7 5. d3 d6 6. e3 f5 7. Nge2 Nf6 8. a3 a5 9. Rb1 0-0 10. 0-0 Ne7 11. b4 axb4 12. axb4 c6 13. b5 d5 14. cxd5 cxd5 15. d4 e4 16. Qb3 Qd6 17. Na4 g5 18. Ba3 Qd8 19. Nec3 Rf7 20. Bc5 f4 21. Rfe1 f3 22. Nb6 fxg2 23. Nxa8 Qd7 24. Bxe7 Ng4 25. Qxd5 Qxe7 26. Nxe4 Be6 27. Qd6 Bf5 28. Qxe7 Rxe7 29. Nxg5 Bh6 30. h4 1-0

[Event "ESP-ch U18"]
[Site "Salobrena"]
[Date "2020.08.21"]
[Round "8"]
[White "Lopez Ruiz, Jarein"]
[Black "Torrents Busquet, Marti"]
[Result "0-1"]
[WhiteElo "1796"]
[BlackElo "1943"]
[PlyCount "138"]
[EventDate "2020.08.17"]
[EventType "swiss"]
[EventRounds "9"]
[EventCountry "ESP"]
[SourceTitle "CBM 197 Extra"]
[Source "ChessBase"]
[SourceDate "2020.09.30"]
[SourceVersion "1"]
[SourceVersionDate "2020.09.30"]
[SourceQuality "1"]

1. e4 c5 2. c3 d5 3. exd5 Qxd5 4. d4 Nf6 5. Nf3 Bg4 6. Be2 cxd4 7. cxd4 e6 8. 0-0 a6 9. Nc3 Qd6 10. h3 Bh5 11. Re1 Be7 12. Ne5 Bxe2 13. Qxe2 0-0 14. Nc4 Qc6 15. Bf4 Nbd7 16. Ne5 Nxe5 17. dxe5 Nd5 18. Nxd5 Qxd5 19. Red1 Qc6 20. Rac1 Qa4 21. Qc4 Qxc4 22. Rxc4 Rfd8 23. Rxd8+ Bxd8 24. Kf1 Kf8 25. Ke2 Ke8 26. Bd2 b5 27. Rc6 Kd7 28. Rd6+ Ke8 29. Rc6 Kd7 30. Rd6+ Ke7 31. Bb4 Ke8 32. Rc6 Kd7 33. Rd6+ Ke8 34. Rc6 a5 35. Bc5 Kd7 36. Rd6+ Kc8 37. Rd3 Ra6 38. Bf8 g6 39. Rc3+ Kd7 40. Bd6 Rc6 41. Rxc6 Kxc6 42. Kd3 Kd5 43. b3 Bb6 44. f4 Bd4 45. a4 bxa4 46. bxa4 Bb6 47. Be7 Bc7 48. Bh4 Bb6 49. Be1 Bd8 50. g3 Bb6 51. h4 h5 52. Bd2 Bf2 53. Bxa5 Bxg3 54. Bd2 Bxh4 55. Ke3 Bd8 56. Kf3 Kc5 57. Be1 Kc4 58. Kg3 Be7 59. Kh3 Bb4 60. Bh4 Kb3 61. Bd8 Kxa4 62. Kh4 Be1+ 63. Kg5 Kb5 64. Kh6 Kc6 65. Kg7 Kd7 66. Bb6 Ke8 67. Kh6 h4 68. Kg5 h3 69. Bg1 Bg3 0-1

[Event "ESP-ch U18"]
[Site "Salobrena"]
[Date "2020.08.18"]
[Round "3"]
[White "Lopez Ruiz, Jarein"]
[Black "Garcia Escoda, Marc"]
[Result "0-1"]
[WhiteElo "1796"]
[BlackElo "2052"]
[PlyCount "42"]
[EventDate "2020.08.17"]
[EventType "swiss"]
[EventRounds "9"]
[EventCountry "ESP"]
[SourceTitle "CBM 197 Extra"]
[Source "ChessBase"]
[SourceDate "2020.09.30"]
[SourceVersion "1"]
[SourceVersionDate "2020.09.30"]
[SourceQuality "1"]

1. e4 c5 2. Nf3 Nc6 3. d4 cxd4 4. Nxd4 g6 5. Nc3 Bg7 6. Be3 Nf6 7. h3 0-0 8. g4 d5 9. Nxc6 bxc6 10. e5 Ne4 11. f4 Qa5 12. Bd2 Nxd2 13. Qxd2 f6 14. exf6 Bxf6 15. Bd3 Rb8 16. Nd1 Bh4+ 17. Ke2 Qxd2+ 18. Kxd2 Rxf4 19. Rf1 Rxf1 20. Bxf1 Bg5+ 21. Kd3 Ba6+ 0-1

[Event "ESP-ch U16"]
[Site "Salobrena"]
[Date "2020.08.15"]
[Round "9"]
[White "Ruiz Buendia, Miguel"]
[Black "Lopez Ruiz, Jarein"]
[Result "1/2-1/2"]
[WhiteElo "2044"]
[BlackElo "1796"]
[PlyCount "61"]
[EventDate "2020.08.10"]
[EventType "swiss"]
[EventRounds "9"]
[EventCountry "ESP"]
[SourceTitle "EXT 2021"]
[Source "ChessBase"]
[SourceDate "2020.10.23"]
[SourceVersion "1"]
[SourceVersionDate "2020.10.23"]
[SourceQuality "1"]

1. e4 e5 2. Nf3 Nc6 3. Bb5 Nf6 4. 0-0 Nxe4 5. Re1 Nd6 6. Nxe5 Be7 7. Bf1 Nxe5 8. Rxe5 0-0 9. Nc3 Bf6 10. Re1 Nf5 11. Nd5 c6 12. Nxf6+ Qxf6 13. c3 d5 14. d4 Nd6 15. Bd3 Bf5 16. Qc2 Rfe8 17. Bd2 Bxd3 18. Qxd3 Qf5 19. Qxf5 Nxf5 20. Bf4 f6 21. h3 Kf7 22. Kf1 g5 23. Bh2 h5 24. f3 a5 25. Kf2 a4 26. Bc7 Re7 27. Rxe7+ Kxe7 28. g4 hxg4 29. hxg4 Nh4 30. Rh1 Rh8 31. Bg3 1/2-1/2

[Event "ESP-ch U16"]
[Site "Salobrena"]
[Date "2020.08.12"]
[Round "4"]
[White "Lopez Ruiz, Jarein"]
[Black "Garcia Gallardo, Victor"]
[Result "1/2-1/2"]
[WhiteElo "1796"]
[BlackElo "1900"]
[PlyCount "106"]
[EventDate "2020.08.10"]
[EventType "swiss"]
[EventRounds "9"]
[EventCountry "ESP"]
[SourceTitle "EXT 2021"]
[Source "ChessBase"]
[SourceDate "2020.10.23"]
[SourceVersion "1"]
[SourceVersionDate "2020.10.23"]
[SourceQuality "1"]

1. d4 Nf6 2. Bf4 e6 3. e3 d5 4. Nd2 c5 5. c3 Nc6 6. Ngf3 Bd6 7. Bg3 0-0 8. Ne5 Ne7 9. Bd3 b6 10. f4 Bb7 11. Qf3 Nf5 12. Bf2 Be7 13. g4 Nd6 14. Bh4 Nfe4 15. Bxe7 Qxe7 16. Bxe4 Nxe4 17. Nxe4 dxe4 18. Qg3 f6 19. Nc4 cxd4 20. exd4 Rac8 21. Ne3 Ba6 22. f5 Rce8 23. Kf2 Bc8 24. Rhd1 exf5 25. gxf5 Rd8 26. Kg1 Kh8 27. d5 Qd6 28. Qxd6 Rxd6 29. Rd4 Re8 30. Rf1 b5 31. Rf4 Kg8 32. Rfxe4 Rxe4 33. Rxe4 Kf7 34. a4 a6 35. axb5 axb5 36. b3 g6 37. fxg6+ hxg6 38. Rb4 Bd7 39. c4 bxc4 40. bxc4 Ra6 41. Rb7 Ke8 42. c5 Ra1+ 43. Kf2 Rc1 44. c6 Bxc6 45. dxc6 Rxc6 46. Nd5 f5 47. h4 Kf8 48. Kg3 Rc4 49. Nf4 Rc6 50. Nd5 Rc4 51. Rb4 Rxb4 52. Nxb4 Kg7 53. Nd5 Kh6 1/2-1/2

[Event "ESP-ch U16"]
[Site "Salobrena"]
[Date "2020.08.12"]
[Round "5"]
[White "Roldan Marques, Marta"]
[Black "Lopez Ruiz, Jarein"]
[Result "0-1"]
[WhiteElo "1956"]
[BlackElo "1796"]
[PlyCount "42"]
[EventDate "2020.08.10"]
[EventType "swiss"]
[EventRounds "9"]
[EventCountry "ESP"]
[SourceTitle "EXT 2021"]
[Source "ChessBase"]
[SourceDate "2020.10.23"]
[SourceVersion "1"]
[SourceVersionDate "2020.10.23"]
[SourceQuality "1"]

1. e4 e5 2. Bc4 Nf6 3. d3 Bc5 4. f4 d5 5. exd5 Bxg1 6. Rxg1 Bg4 7. Qd2 exf4 8. Qxf4 0-0 9. Be3 b5 10. Bb3 Re8 11. Kd2 a5 12. a3 c6 13. h3 Bh5 14. g4 Bg6 15. dxc6 Nxc6 16. Rf1 Ne5 17. d4 Rc8 18. Nc3 b4 19. axb4 axb4 20. Nd1 Nd5 21. Bxd5 Rxc2+ 0-1

[Event "ESP-ch U16"]
[Site "Salobrena"]
[Date "2020.08.10"]
[Round "1"]
[White "Carbonell Sancho, Marc"]
[Black "Lopez Ruiz, Jarein"]
[Result "1-0"]
[WhiteElo "2187"]
[BlackElo "1796"]
[PlyCount "77"]
[EventDate "2020.08.10"]
[EventType "swiss"]
[EventRounds "9"]
[EventCountry "ESP"]
[SourceTitle "EXT 2021"]
[Source "ChessBase"]
[SourceDate "2020.10.23"]
[SourceVersion "1"]
[SourceVersionDate "2020.10.23"]
[SourceQuality "1"]

1. e4 e5 2. Nf3 Nc6 3. d4 exd4 4. Nxd4 Nf6 5. Nxc6 bxc6 6. e5 Qe7 7. Qe2 Nd5 8. c4 Ba6 9. Nd2 g6 10. Nf3 Bg7 11. Bg5 Qb4+ 12. Qd2 Qxd2+ 13. Bxd2 Nb6 14. b3 d6 15. Bf4 Nd7 16. 0-0-0 dxe5 17. Nxe5 Nxe5 18. Bxe5 Bxe5 19. Re1 f6 20. f4 0-0-0 21. fxe5 Rhe8 22. e6 Kb8 23. c5 Bb5 24. Bxb5 cxb5 25. Rhf1 f5 26. Re5 Re7 27. Kc2 c6 28. Kc3 a5 29. h4 h5 30. Rf3 Rd5 31. Rxd5 cxd5 32. Re3 Kc7 33. Kd4 Kc6 34. a3 f4 35. Re1 b4 36. axb4 axb4 37. Ke5 Kxc5 38. Rc1+ Kb6 39. Kd6 1-0

[Event "ESP-ch U18"]
[Site "Salobrena"]
[Date "2019.07.26"]
[Round "7"]
[White "Maldonado Mena, German"]
[Black "Lopez Ruiz, Jarein"]
[Result "1-0"]
[WhiteElo "1822"]
[BlackElo "1715"]
[PlyCount "43"]
[EventDate "2019.07.22"]
[EventType "swiss"]
[EventRounds "9"]
[EventCountry "ESP"]
[SourceTitle "CBM 191 Extra"]
[Source "ChessBase"]
[SourceDate "2019.09.30"]
[SourceVersion "1"]
[SourceVersionDate "2019.09.30"]
[SourceQuality "1"]

1. d4 Nf6 2. c4 g6 3. Nc3 Bg7 4. e4 d6 5. h3 0-0 6. Be3 c5 7. d5 e6 8. Qd2 Re8 9. dxe6 Bxe6 10. 0-0-0 Bf8 11. Bxc5 Nc6 12. Bxd6 Bxd6 13. Qxd6 Qa5 14. Qf4 Nh5 15. Qe3 Ne5 16. g4 Nf6 17. Qf4 Kg7 18. Nf3 Bxc4 19. Nxe5 Bxf1 20. g5 Nxe4 21. Qxf7+ Kh8 22. Rd7 1-0